ALL RuPaul's Drag Race Global All Stars Queens A-Z - Statistics

General Stats
  • This quiz has been taken 65 times
  • The average score is 11 of 12
Answer Stats
Season Drag Queen % Correct
๐Ÿ‡บ๐Ÿ‡ธ 5โญ 2 ๐ŸŒŽโญ 1 Alyssa Edwards
100%
๐Ÿ‡ฌ๐Ÿ‡ง 3๐ŸŒŽโญ 1 Kitty Scott-Claus
100%
๐Ÿ‡ฆ๐Ÿ‡บ 2๐ŸŒŽโญ 1 Kween Kong
94%
๐Ÿ‡ฎ๐Ÿ‡น 2๐ŸŒŽโญ 1 Nehellenia
94%
๐Ÿ‡จ๐Ÿ‡ฆ 2๐ŸŒŽโญ 1 Pythia
94%
๐Ÿ‡ซ๐Ÿ‡ท 1๐ŸŒŽโญ 1 Soa de Muse
94%
๐Ÿ‡ฉ๐Ÿ‡ช 1๐ŸŒŽโญ 1 Tessa Testicle
94%
๐Ÿ‡ธ๐Ÿ‡ช 1๐ŸŒŽโญ 1 Vanity Vain
94%
๐Ÿ‡ง๐Ÿ‡ช 1๐ŸŒŽโญ 1 Athena Likis
91%
๐Ÿ‡ต๐Ÿ‡ญ 1๐ŸŒŽโญ 1 Eva Le Queen
91%
๐Ÿ‡ฒ๐Ÿ‡ฝ 1๐ŸŒŽโญ 1 Gala Varo
91%
๐Ÿ‡ง๐Ÿ‡ท 1๐ŸŒŽโญ 1 Miranda Lebrรฃo
85%
No matching quizzes found
Score Distribution
Percent of People with Each Score
Percentile by Number Answered
Your Score History
You have not taken this quiz